Minimum vital

Gorde:
Xehetasun bibliografikoak
Egile nagusia: Masferrer, Alberto
Formatua: Liburua
Hizkuntza:Undetermined
Argitaratua: San José, Costa Rica EDUCA 1998
Edizioa:3
Gaiak:
Etiketak: Etiketa erantsi
Etiketarik gabe, Izan zaitez lehena erregistro honi etiketa jartzen!

MARC

LEADER 00000nam a2200000Ia 4500
008 170316s9999 xx 000 0 und d
040 |a cru BVZT 
090 |a 860 M-10m 
100 |a Masferrer, Alberto 
245 |a Minimum vital 
250 |a 3 
260 |a San José, Costa Rica 
260 |b EDUCA 
260 |c 1998 
300 |a 70 páginas 
650 |a LITERATURA LATINOAMERICANA 
999 |c 8906  |d 8906 
942 |c 15 D  |h 860 M-10m  |2 z